[Event "Hastings 0203 78th"]
[Site "Hastings"]
[Date "2003.01.03"]
[Round "7"]
[White "McShane, Luke J"]
[Black "Tseshkovsky, Vitaly"]
[Result "1/2-1/2"]
[WhiteElo "2546"]
[BlackElo "2545"]
[Annotator "Finkel,A"]
[PlyCount "129"]
[EventDate "2002.12.28"]
[EventType "tourn"]
[EventRounds "9"]
[EventCountry "ENG"]
[EventCategory "12"]
[SourceTitle "CBM 093"]
[Source "ChessBase"]
[SourceDate "2003.04.01"]
[SourceVersion "1"]
[SourceVersionDate "2003.04.01"]
[SourceQuality "1"]

1. d4 Nf6 2. Bg5 d5 3. e3 c6 4. Bd3 Qb6 5. Qc1 Nbd7 6. Nf3 h6 7. Bh4 e5 $5 {
With this move black shows no fear to play with double pawns on the f-file.} (
7... g6 8. c3 Bg7 9. Nbd2 O-O 10. O-O Re8 11. Bg3 Nh5 12. Be5 Nxe5 13. Nxe5
Bxe5 14. dxe5 Ng7 $11 {Etchegaray,P-Renaudin,J/Cannes 1990}) 8. Bxf6 ({Black
has no problems after} 8. dxe5 Nxe5 {[%csl Rh4]} 9. Bxf6 (9. Nxe5 Qb4+ 10. Nd2
Qxh4 $15) 9... Nxd3+ 10. cxd3 gxf6 11. Nbd2 Rg8 12. g3 Bh3 13. Qc2 Qa6 $15 {
Cmelik,P-Mezovsky,S/Slovakia 1999}) 8... gxf6 9. Be2 h5 (9... e4 10. Nh4) 10.
c4 e4 11. Nfd2 f5 12. Nc3 Nf6 13. Qc2 h4 {Black has very comfortable position
due to advanatge in the center and bishop's pair.} 14. O-O-O (14. a3 Be6 15. b4
Be7 (15... f4 16. cxd5 cxd5 17. Na4 Qd6 18. Nc5 $36) 16. Nb3 Rg8 $132) 14...
Be6 15. Kb1 Be7 16. Na4 Qd8 17. Nc5 Bc8 $5 {White can't break neither on the
kingside nor on the queenside so black can afford to himself to retreat with
the bishop back to c8.} 18. cxd5 cxd5 19. Qb3 (19. Bb5+ $6 Kf8) 19... Qb6 20.
Qa4+ Kf8 21. Rc1 Kg7 22. Rc3 a6 $5 {Preparing b6.} 23. f4 Qd6 24. Qb3 (24. Rhc1
$2 b6 {[%csl Ra4]} 25. Nxa6 (25. Ncb3 Bd7) 25... b5 26. Bxb5 Bxa6 $19) 24... b6
25. Na4 Bd7 26. Rhc1 Rhb8 27. a3 Bd8 28. R3c2 Qe6 29. Ka1 Be8 $1 {[%cal Ge6d7]
With idea to play Qd7 forcing the knight to come to c3.} 30. Nc3 $6 (30. Nf1)
30... b5 $15 31. Qa2 a5 32. Nb3 b4 33. Nc5 Qd6 34. Nd1 Nd7 35. a4 Nxc5 36. dxc5
Qf6 37. Bb5 $5 {Looking for complications in the time-trouble.} (37. Qb3 Bc6
38. Nf2 d4 (38... Qe6 {[%csl Ra4][%cal Ge6e8]}) 39. exd4 Qxd4 40. Nd1 Qd7 $15 {
[%csl Ra4]}) 37... Bxb5 38. axb5 Rxb5 39. Qxd5 Rc8 40. Qd7 (40. g4 $5 hxg3 41.
hxg3 a4 42. g4) 40... Rbb8 41. c6 (41. g4 $5) 41... Rc7 42. Qd5 a4 43. Kb1 Qe6
44. Rc5 Be7 45. Qxf5 $6 ({Much better was} 45. Ra5 Qxd5 46. Rxd5 Rbc8 47. Rxf5
Rxc6 48. Rxc6 Rxc6 $15 {with probable draw.}) 45... Bxc5 46. Qg5+ Kf8 47. Qxc5+
Qe7 48. Qd4 Kg8 49. Nf2 Rd8 50. Qc4 (50. Qxe4 Qxe4+ 51. Nxe4 Rd3 52. Nf6+ Kf8
53. e4 Rd6 $17) 50... a3 $6 ({More convincing was} 50... Rd6 $5 51. Qb5 Rd2 52.
Rc5 f6 53. Qb8+ Kg7 54. Rh5 Qd8 $17 {and black is winning.}) 51. Nxe4 axb2 52.
Kxb2 Re8 53. Nf2 Qxe3 54. Nd3 Ra8 (54... Rd8 $1 55. Nxb4 Rb8 56. f5 Ra7 57. Qc3
Qe2+ 58. Rc2 Qa6 $19 {[%csl Rb2][%cal Ga6a1]}) 55. f5 Qg5 56. Nxb4 Rb8 $6 {
Missing the last chance to win the game after} (56... Qxg2+ 57. Rc2 Qg1 $19 {
[%cal Gg1a1,Gg1a7]}) 57. Kb3 Kh7 58. Rc3 $13 Rb6 59. Qd4 Rb5 60. Rh3 Rxc6 61.
Rxh4+ Rh6 62. Rxh6+ Qxh6 $11 63. Qd7 Re5 64. Qxf7+ Qg7 65. Qxg7+ 1/2-1/2

[Event "Bundesliga 0203"]
[Site "Germany"]
[Date "2003.01.12"]
[Round "9.5"]
[White "Hodgson, Julian M"]
[Black "Naumann, Alexander"]
[Result "1/2-1/2"]
[WhiteElo "2608"]
[BlackElo "2513"]
[Annotator "Finkel,A"]
[PlyCount "116"]
[EventDate "2002.10.19"]
[EventType "team-tourn"]
[EventRounds "15"]
[EventCountry "GER"]
[SourceTitle "CBM 093"]
[Source "ChessBase"]
[SourceDate "2003.04.01"]
[SourceVersion "1"]
[SourceVersionDate "2003.04.01"]
[SourceQuality "1"]
[WhiteTeam "Luebeck"]
[BlackTeam "Solingen"]
[WhiteTeamCountry "GER"]
[BlackTeamCountry "GER"]

1. d4 d5 2. Bg5 {Favorite continuation of english grandmaster, however black
showed a clear way to equality in this game making an improvement on move 16!}
h6 3. Bh4 c6 4. Nf3 Qb6 5. Qc1 Bf5 6. c4 e6 7. Nc3 Be7 8. Bg3 Nf6 9. c5 (9. e3
O-O 10. Be2 Ne4 (10... Nbd7 11. c5 Qd8 12. O-O Ne4 13. Nxe4 Bxe4 14. Nd2 Bh7
15. b4 Re8 16. Qb2 Bf6 17. f4 Bh4 18. Bxh4 Qxh4 19. b5 $14 {Hodgson,
J-Strenzwilk,D/Kona 1998}) 11. Nxe4 Bxe4 12. O-O Nd7 13. Nd2 Bg6 14. c5 Qd8 15.
b4 a6 16. Nb3 Bf6 17. Na5 Ra7 18. Bd6 Be7 19. Bxe7 Qxe7 20. Qb2 e5 $11 {
Hodgson,J-Vescovi,G/Mermaid Beach 1998}) 9... Qd8 10. e3 Nbd7 (10... O-O 11.
Be2 (11. h3 b6 12. b4 a5 13. a3 Qc8 14. Be2 Nbd7 15. O-O Qb7 16. Qd2 Rfc8 17.
Rfc1 Bd8 $13 {Hodgson,J-Boensch,U/Germany 2002}) (11. b4 Nbd7 12. Be2 Nh5 13.
Be5 Nhf6 14. Bf4 Nh5 15. Bxh6 gxh6 16. g4 Bh7 17. gxh5 Kh8 $44 {Hodgson,
J-Gruenfeld,Y/Philadelphia 2001}) 11... b6 12. b4 a5 13. a3 Qc8 14. Na4 Nbd7
15. Ne5 Qb7 16. Nxc6 Qxc6 17. b5 Qb7 18. c6 Qa7 19. cxd7 Nxd7 20. Qb2 $11 {
Hodgson,J-Chernin,A/Pardubice 1993}) 11. h3 (11. Be2 Ne4 12. Nxe4 Bxe4 13. b4
Bxf3 14. gxf3 Bh4 15. f4 Bxg3 16. hxg3 $14 {Hodgson,J-Abdulla,A/Scarborough
1999}) 11... O-O 12. b4 {White's plan is to advance the pawns on the queenside
while black's idea is to push e5.} Ne4 13. Nxe4 Bxe4 14. Nd2 Bg6 15. Qc3 Bf6 $5
$146 {[%cal Ge6e5] Preparing an advance of the e-pawn.} (15... Bh4 16. Bd6 Re8
17. Bd3 Bxd3 18. Qxd3 e5 19. O-O a6 (19... Bf6 20. a4 a6 21. b5 axb5 22. axb5
Rxa1 23. Rxa1 exd4 24. exd4 cxb5 25. Nf3 $14 {Hodgson,J-Thorhallsson,T/
Istanbul 2000}) 20. a4 e4 21. Qe2 Re6 22. b5 Rg6 23. bxc6 bxc6 24. Rab1 Nf8 25.
f3 exf3 26. Nxf3 $14 {Hodgson,J-Turner,M/Kilkenny 1999}) 16. Nb3 Re8 17. Bd3
Bxd3 18. Qxd3 e5 19. O-O a6 20. a4 Qe7 ({There is no point in closing a center
by e4 since white darksuqred bishop is very strong on the diagonal b8-h2.} 
20... e4 $6 21. Qe2 Bh4 22. Bf4 Re6 23. b5 Rg6 24. bxc6 bxc6 25. Rab1 $14) 21.
Na5 exd4 22. exd4 Nf8 23. Bd6 Qd7 {[%cal Ge8e4]} 24. Rae1 Rxe1 25. Rxe1 b5 $5 {
Getting rid of the weakness on b7.} 26. Ra1 (26. cxb6 $2 Qxd6 27. b7 Rb8 28.
Qxa6 Qxb4 $19) 26... Re8 27. Nb3 Ne6 28. axb5 axb5 29. Qd2 $6 Ng5 30. Qd3 Ne4
31. Bf4 Qf5 32. Be3 Ng3 (32... Nd6 $5 33. Rd1 Qxd3 34. Rxd3 Nc4 35. Na5 Nxa5
36. bxa5 Ra8 37. Bd2 $11) 33. Rd1 Bg5 $5 {Black is consistantly trading all
the pieces heading for a draw.} 34. Qxf5 Nxf5 35. Bxg5 hxg5 36. Kf1 Re4 37. g4
Ne7 38. Ra1 f6 39. Ra7 Kf8 40. Na5 g6 {Of course not} (40... Rxd4 $2 41. Rxe7
Kxe7 42. Nxc6+ $18) 41. f3 Re6 42. Ra8+ Kg7 43. Kf2 f5 44. Nb7 f4 45. Re8 Re3
46. Nd6 Kf6 47. Rf8+ Kg7 48. Rf7+ Kg8 49. h4 gxh4 50. Rxf4 Rb3 51. Rf7 Rb2+ 52.
Kg1 (52. Ke3 h3 53. Rxe7 h2 54. Re8+ Kh7 55. Re7+ Kg8 (55... Kh6 $2 56. g5+
Kxg5 57. Rh7 $18) 56. Re8+ $11) 52... Re2 53. f4 h3 54. f5 gxf5 55. gxf5 Rg2+
56. Kh1 (56. Kf1 $4 Rg4 $19 {[%cal Gh3h1]}) 56... Re2 57. Kg1 Rg2+ 58. Kh1 Re2
1/2-1/2

[Event "Bundesliga 0203"]
[Site "Germany"]
[Date "2003.03.09"]
[Round "13.7"]
[White "Hodgson, Julian M"]
[Black "Steingrimsson, Hedinn"]
[Result "1-0"]
[WhiteElo "2608"]
[BlackElo "2390"]
[Annotator "Finkel,A"]
[PlyCount "81"]
[EventDate "2002.10.19"]
[EventType "team-tourn"]
[EventRounds "15"]
[EventCountry "GER"]
[SourceTitle "CBM 094"]
[Source "ChessBase"]
[SourceDate "2003.05.26"]
[SourceVersion "1"]
[SourceVersionDate "2003.05.26"]
[SourceQuality "1"]
[WhiteTeam "Luebeck"]
[BlackTeam "Stuttgart"]
[WhiteTeamCountry "GER"]
[BlackTeamCountry "GER"]

1. d4 d5 2. Bg5 f6 3. Bf4 c5 4. Bxb8 $6 {Dubious continuation promising black
very comfortable play.} Rxb8 5. Nc3 e6 6. e4 (6. e3 a6 7. Bd3 f5 8. g4 Nf6 9.
gxf5 c4 10. Bf1 exf5 11. Bg2 Bb4 12. Nge2 Be6 13. O-O O-O $13 {Torre,E-Nielsen,
P/Bled 2002}) 6... dxe4 7. d5 (7. dxc5 $6 Qxd1+ 8. Rxd1 f5 9. Bb5+ Kf7 (9...
Ke7) 10. Rd8 Nf6 11. c6 bxc6 12. Ba6 Rxb2 13. Rxc8 Bb4 $44 {Insam,H-Brandner,S/
Hartberg 1992}) 7... a6 $6 {Trusting his experienced opponent! Black should've
taken on d5 with better chances in all variations.} (7... exd5 $1 8. Nxd5 (8.
Bb5+ Kf7 (8... Bd7 $6 9. Bxd7+ (9. Qxd5 $2 Bxb5 10. Qxe4+ Kf7 11. Nxb5 Qa5+ 12.
Nc3 Re8 $19) 9... Qxd7 10. Nxd5 Bd6 11. Qe2 f5 12. O-O-O $36 {[%cal Gd1d7,
Gf2f3]}) 9. Bc4 Ne7 10. Nxd5 Be6 $17) 8... Be6 9. Bc4 (9. Nf4 Qxd1+ 10. Rxd1
Bd7 11. Bc4 Ne7 12. Nge2 b5 13. Bf7+ Kxf7 14. Rxd7 g5 $15) 9... Kf7 $5 $17 (
9... b5 $5 10. Nc7+ Qxc7 11. Bxe6 Ne7 12. Nh3 Rb6 $1 13. Nf4 Rd6 14. Qe2 Qb6
$15 15. Qxe4 $140 g5 $19 {[%csl Re6]})) 8. Nh3 Ne7 9. Nf4 exd5 10. Ncxd5 Nxd5
11. Nxd5 Be7 $6 {After this move white manages to equalize while after correct}
(11... Be6 12. Bc4 Kf7 13. a4 (13. Qe2 b5 $19) 13... Qd6 14. O-O Rd8 15. Qe2 b5
$17 {black would still keep much better chances.}) 12. f3 Bf5 13. Qd2 e3 14.
Nxe3 Be6 (14... Qxd2+ 15. Kxd2 Rd8+ 16. Kc3 Be6 17. a4 f5 18. Bc4 $11) 15. Bd3
O-O 16. O-O-O b5 17. Bf5 Bf7 18. Qd7 g6 (18... Qxd7 19. Rxd7 Rfe8 20. Rhd1 g6
21. Be4 Rbd8 22. Ra7 Rxd1+ 23. Kxd1 Bf8 $13) 19. Ng4 $1 gxf5 $2 {Once again
black chooses for wrong move in the crucial position. After correct} (19... Kg7
$1 20. Qa7 (20. Rhe1 gxf5 21. Qxf5 Bd6 $19) 20... Bd6 21. Be6 Qb6 22. Qxb6 Rxb6
$11 {the position would have remained balanced.}) 20. Nh6+ Kh8 21. Rhe1 $16 {
[%csl Re7]} Bg6 22. Rxe7 Qxd7 23. Rdxd7 Rfe8 $6 (23... f4 $8 24. Nf7+ Kg8 25.
Nd6 Rbd8 26. a3 Rxd7 27. Rxd7 $16 {[%cal Gb2b4,Gc1d2,Gd2c3,Gc3d4]}) 24. Nf7+
Kg8 25. Nh6+ Kh8 26. f4 $1 {[%csl Rg6]} Rxe7 27. Rxe7 Rd8 28. Nf7+ Bxf7 29.
Rxf7 Rg8 $2 (29... Rd6 $142 $16) 30. g3 Rg6 31. Ra7 $18 h5 32. Rxa6 h4 33. b3
c4 (33... b4 34. Rc6 hxg3 35. hxg3 Rxg3 36. Rxc5 Kg7 37. Rxf5 Rg4 38. Kd2 Kg6
39. Rc5 Rxf4 40. Rc4 $18) 34. Kb2 hxg3 35. hxg3 Kg7 36. bxc4 bxc4 37. Ra3 Kf7
38. Re3 Rg8 39. a4 Rd8 40. Kc3 Ra8 41. Kb4 1-0

[Event "RUS Cup final 6th"]
[Site "Nefteyugansk"]
[Date "2002.10.12"]
[Round "9"]
[White "Kornev, Alexei"]
[Black "Arzumanian, Georgy"]
[Result "0-1"]
[WhiteElo "2566"]
[BlackElo "2455"]
[Annotator "Finkel,A"]
[PlyCount "92"]
[EventDate "2002.10.06"]
[EventType "tourn"]
[EventRounds "11"]
[EventCountry "RUS"]
[EventCategory "11"]
[SourceTitle "CBM 092"]
[Source "ChessBase"]
[SourceDate "2003.02.06"]
[SourceVersion "1"]
[SourceVersionDate "2003.02.06"]
[SourceQuality "1"]

1. d4 d5 2. Bg5 Nf6 3. Bxf6 exf6 4. e3 Be6 5. Nd2 Nd7 (5... c6 6. Bd3 f5 (6...
Bd6 7. Qf3 Nd7 8. Ne2 g6 9. e4 O-O 10. O-O Qc7 11. h3 dxe4 12. Nxe4 Bh2+ 13.
Kh1 f5 14. Ng5 Bd5 15. Qe3 Rae8 16. Qd2 h6 17. c4 $14 {Agdestein,S-Nielsen,P/
Germany 2000}) 7. Qf3 g6 8. Ne2 Nd7 9. O-O Bd6 10. c4 Nf6 11. Nf4 O-O 12. cxd5
cxd5 13. Nb3 g5 14. Nh5 Ne4 $13 {Alexandria,N-Akhmilovskaya,E/Kislovodsk 1980})
6. Ne2 c6 7. c3 Bd6 8. g3 O-O 9. Bg2 f5 10. O-O Nf6 11. Qb3 $6 {Waste of time
because white can't play c4 with his queen on b3.} (11. f3 Re8 12. Re1 Qc7 13.
Rc1 Rad8 14. Qc2 Re7 15. b3 Rde8 16. Nf1 b5 17. Bh3 g6 $11 {Leenhouts,K-Van
Beek,G/Leiden 1997}) (11. b3 $5 Ne4 12. Qc2 Rc8 13. Rad1) 11... Qd7 12. Qc2 {
Admitting that previous move was inaccuracy.} (12. c4 $2 dxc4 13. Nxc4 b5 14.
d5 Bxd5 15. Bxd5 Nxd5 $17) 12... Ne4 13. Nf4 ({Deserved attention} 13. b3 $5 {
intending to push c4 after playing Rad1.}) 13... g5 14. Nd3 ({Nothing promised
} 14. Nxe6 fxe6 15. Nb3 g4 (15... h5 16. f3 Nf6 17. e4 fxe4 18. fxe4 Qh7) 16.
f3 gxf3 17. Bxf3 Nf6 $36 {[%cal Gh7h4] and black is doing great.}) 14... Rae8
15. f3 Nxd2 16. Qxd2 f6 17. Rae1 {White is trying to play for a win, while he
had to think about keeping the balance. For this purpose he could try} (17. f4
{depriving black about an only chance to break on the kingside} Re7 18. b3 Rfe8
19. Rfe1 Bf7 20. Rac1 Kg7 21. Kf2 $13) 17... Qf7 $5 18. b3 Kh8 19. Qc2 $6 (19.
e4 $1 f4 $6 20. gxf4 gxf4 21. Nxf4 Qc7 22. Nxe6 Bxh2+ 23. Kh1 Rxe6 24. Qh6 Bd6
25. e5 $1 $14 {[%cal Gh6e6,Gf3f4]}) 19... Rg8 20. e4 f4 $132 {Black pieces are
directed to the kingside, so white has to be very carefull.} 21. Qf2 (21. gxf4
gxf4 22. Kh1 Rg5 23. exd5 cxd5 24. Qd2 Qh5 $13) 21... Bb8 22. Re2 Qh5 23. Nc5 (
23. gxf4 gxf4 24. Kh1) 23... Bc8 24. Rfe1 $6 g4 $1 25. fxg4 $6 {Missing a
chance to get a playable position after} (25. exd5 $1 fxg3 (25... Qxh2+ $6 26.
Kxh2 fxg3+ 27. Kh1 gxf2 28. Rxe8 fxe1=Q+ 29. Rxe1 $13) 26. hxg3 Rxe2 27. Rxe2
Bxg3 28. Qxg3 gxf3 29. Qf4 Bf5 30. Rf2 fxg2 31. Rxg2 $13) 25... Bxg4 26. Rd2 f3
27. Bf1 b6 28. Na6 (28. Nd3 dxe4) 28... Bf4 $1 $19 {Now it's all over.The rest
is just an agony because nothing can save white from the loss.} 29. Bd3 (29.
gxf4 Bh3+ 30. Kh1 Bg2+ 31. Bxg2 Rxg2 32. Qxg2 fxg2+ 33. Rxg2 Rxe4 $19) 29...
Bxd2 30. Qxd2 dxe4 31. Rxe4 Rxe4 32. Bxe4 Re8 33. Bd3 Bf5 (33... Qh3 $5 34. Bf1
Re2 35. Bxh3 f2+ 36. Kf1 Bxh3+ 37. Kxe2 f1=Q+ 38. Ke3 Qxa6 $19) 34. Bf1 Bh3 35.
Bd3 Bf5 (35... Qg5 $5) 36. Bf1 Be4 37. h4 (37. Qf2) 37... Qg4 38. Kh2 Rg8 39.
Qf2 f5 40. Bh3 Qg7 41. Nb4 a5 42. Na6 h5 43. a4 f4 44. gxf4 Qf6 45. f5 Qd6+ 46.
Kh1 Qg3 0-1

[Event "Nancy"]
[Site "Nancy"]
[Date "2005.02.17"]
[Round "6"]
[White "Miladinovic, Igor"]
[Black "Rocha, Sergio MC"]
[Result "1-0"]
[WhiteElo "2611"]
[BlackElo "2400"]
[Annotator "Finkel,A"]
[PlyCount "79"]
[EventDate "2005.02.14"]
[EventType "tourn"]
[EventRounds "9"]
[EventCountry "FRA"]
[EventCategory "10"]
[SourceTitle "CBM 106"]
[Source "ChessBase"]
[SourceDate "2005.06.06"]
[SourceVersion "1"]
[SourceVersionDate "2005.06.06"]
[SourceQuality "1"]

1. d4 d5 2. Bg5 c6 3. Nf3 h6 4. Bh4 Qb6 5. Qc1 Bf5 (5... c5 6. c3 Nc6 7. e3 Bg4
8. Nbd2 cxd4 9. exd4 e6 10. Bd3 Bd6 11. Bg3 Bxg3 12. hxg3 Nge7 $11 {Klemanic,
E-Koutsin,S/Slovakia 1998}) (5... Bg4 6. Nbd2 e6 7. e3 Be7 8. Bxe7 Nxe7 9. Bd3
Nd7 10. O-O O-O 11. c4 Rac8 12. b4 a5 13. c5 Qa7 14. a3 b6 $11 {Hurtado
Oldridge,F-Galvan Huaraca,J/Valencia 2004}) 6. e3 e6 (6... Nd7 7. Be2 e6 8. O-O
Ngf6 9. c4 dxc4 10. Nbd2 Qc7 11. Bg3 Bd6 12. Bxd6 Qxd6 13. Nxc4 $14 {Maki Uuro,
M-Simola,T/Salo 1998}) 7. c4 Be7 8. Bg3 Nf6 9. Nc3 dxc4 $6 {There was no need
to give up the center.} (9... O-O 10. Be2 Nbd7 11. c5 Qd8 12. h3 b5 $1 (12...
b6 $6 13. b4 a5 14. a3 axb4 15. axb4 bxc5 16. bxc5 $14 {[%csl Rc6,Re7]}) 13.
O-O a5 $11) 10. Ne5 $1 $14 {White finds the best reaction.} O-O 11. Nxc4 Qd8
12. Be2 Na6 (12... Nbd7 $6 13. Nd6 $14) 13. O-O Rc8 (13... c5 $6 14. Rd1 cxd4
15. Rxd4 Qc8 16. Nd6 Bxd6 17. Bxd6 $16) 14. Rd1 $1 b5 $6 (14... Nb4 15. f3 $1
$14 {[%cal Ge3e4]}) 15. Nd2 Qb6 16. a4 Nb4 $5 {The best chance in the posirion.
} (16... b4 17. a5 Qb7 18. Na4 c5 $2 19. Qc4 $18 {[%csl Ra6]}) 17. axb5 cxb5
18. Bxb5 Bd3 19. Bxd3 Nxd3 20. Qb1 Nxb2 21. Rc1 Rc6 (21... Nc4) 22. Nce4 Nxe4
23. Rxc6 Qxc6 24. Nxe4 Ra8 25. Nc5 $1 {Very powerfull performance by
Miladinovic.} (25. Qxb2 Qxe4 26. Ra6 $1 Bd8 $1 27. Bd6 Bb6 $11) 25... Nc4 (
25... Bxc5 $6 26. dxc5 Na4 27. Qc2 Nxc5 28. Rc1 Rd8 (28... Rc8 29. Be5 $1 $18 {
[%csl Rc5]}) 29. h3 $18 {[%csl Rc5,Rc6]}) 26. Ra6 Qc8 (26... Nb6) 27. Qb5 Nb6
28. h3 Nd5 29. Rc6 Qe8 30. Qb7 Nb4 $2 (30... a5 $2 31. Nxe6 $1 fxe6 32. Rxe6
Rd8 33. e4 $16) (30... Bxc5 $1 31. dxc5 a5 32. e4 $1 (32. Ra6 $5 Rxa6 33. Qxa6
a4 34. e4 Ne7 35. Bd6 Qc6 36. Qb6 $1 $14) 32... Nb4 (32... Nc3 $6 33. Be5 {
[%csl Gg7][%cal Ge5g7]} Nxe4 34. Rc7 Nd2 35. Rxf7 Qxf7 36. Qxa8+ Kh7 37. Qxa5
$18) 33. Rd6 Rc8 34. Qb6 Nc6 $14) 31. Rc7 {[%csl Rb4,Re7]} Nd5 32. Rd7 {
[%cal Ge3e4]} Kf8 (32... Bf8 33. Rxf7 $18 {[%csl Ra8]}) (32... Bxc5 33. dxc5
Rc8 34. Rxf7 $18) 33. Be5 $1 Rd8 34. e4 $18 Nf6 35. Rxd8 Qxd8 36. Qxa7 Qc8 37.
f3 Qc6 38. Kh2 Ne8 $2 (38... h5) 39. Nd7+ Kg8 40. Nb8 $1 1-0

[Event "ESP-chA"]
[Site "Ayamonte"]
[Date "2002.10.05"]
[Round "2"]
[White "Romero Holmes, Alfonso"]
[Black "Del Rio de Angelis, Salvador Gabriel"]
[Result "1-0"]
[WhiteElo "2524"]
[BlackElo "2494"]
[Annotator "Finkel,A"]
[PlyCount "52"]
[EventDate "2002.10.04"]
[EventType "tourn"]
[EventRounds "5"]
[EventCountry "ESP"]
[EventCategory "11"]
[SourceTitle "CBM 092"]
[Source "ChessBase"]
[SourceDate "2003.02.06"]
[SourceVersion "1"]
[SourceVersionDate "2003.02.06"]
[SourceQuality "1"]

1. d4 d5 2. Bg5 c6 3. e3 Qb6 4. Qc1 Bf5 5. Nf3 Nd7 6. c4 (6. Nbd2 e6 7. c4 Ngf6
8. Be2 h6 9. Bf4 Be7 10. c5 Qd8 11. b4 Ne4 12. h3 g5 13. Bh2 h5 14. Ne5 Nxe5
15. Bxe5 f6 16. Bh2 $14 {Adams,M-Sveshnikov,E/Tilburg 1992}) 6... Ngf6 (6... h6
7. Bh4 Ngf6 8. Nc3 e6 9. c5 Qd8 10. b4 g5 11. Bg3 Nh5 12. Be5 f6 13. Bg3 Nxg3
14. hxg3 Bg7 15. Qd2 e5 16. Be2 $14 {Bellon Lopez,J-Sbarra,M/Genova 2000}) (
6... dxc4 7. Bxc4 e6 8. Nc3 h6 9. Bh4 Be7 10. Bg3 Ngf6 11. O-O O-O 12. a3 a5
13. h3 Rac8 14. Qd2 Ne4 15. Nxe4 Bxe4 16. Qe2 c5 $11 {Terentiev,V-Akhmadeev,V/
St Petersburg 1999}) (6... e6 7. Nc3 h6 (7... Be7 8. Bf4 Ngf6 9. c5 Qd8 10. h3
b5 11. Be2 a5 12. O-O O-O 13. Nh4 $14 {Miles,A-Lytchak,A/Groningen 1996}) 8. c5
Qa5 9. Bf4 Ngf6 10. h3 g5 11. Bh2 Bg7 12. a3 O-O 13. Be2 Qd8 14. O-O Ne4 15. b4
Re8 $11 {Miles,A-Borges Mateos,J/Cienfuegos 1997}) 7. Nc3 Ne4 8. Bf4 Nxc3 $6 {
After this inaccuracy opening the b-file white's pressure on the queenside
becomes quite significant.} (8... e6) 9. bxc3 h6 10. a4 Qa5 11. Nd2 e6 12. Be2
Be7 13. O-O O-O 14. Qb2 Qb6 {Black is forced to play this move because after} (
14... b6 $2 15. Nb3 Qa6 16. cxd5 $18 {he is losing on the spot.}) 15. Qa2 Qa5 (
15... Nf6) 16. cxd5 cxd5 17. c4 Bb4 $2 {Volunterely cutting the bishop off the
game!} (17... Nf6) (17... dxc4 18. Nxc4 Qd5 19. Nd6 Bxd6 20. Qxd5 exd5 21. Bxd6
Rfc8 $132) 18. Nb3 Qd8 19. c5 {[%csl Rb4]} a5 {Otherwise white would've played
a5 himself.} (19... Rc8 20. a5 e5 21. Bg3 exd4 22. exd4 Nf6 23. f3 Re8 24. Rfc1
$16) 20. Bd6 Re8 21. Bb5 Kh8 $5 {Intending to bring the rook to g8 to get rid
of the pin.} 22. Qe2 Rg8 23. f3 Bg6 24. Nc1 e5 25. Na2 exd4 26. exd4 Nb8 $16 (
26... Nb8 27. Qe5 (27. Nxb4 axb4 28. Qb2 Nc6 29. Rfd1 Qf6 30. Bxc6 bxc6 31.
Qxb4 $16) 27... Nc6 28. Qxd5 Bd2 29. Rad1 Be3+ 30. Kh1 Qf6 $16) 1-0

[Event "Benasque"]
[Site "Benasque"]
[Date "1995.??.??"]
[Round "2"]
[White "Miles, Anthony John"]
[Black "Martin Gonzalez, Angel"]
[Result "1-0"]
[WhiteElo "2600"]
[BlackElo "2420"]
[Annotator "Ftacnik,L"]
[PlyCount "67"]
[EventDate "1995.07.??"]
[EventType "tourn"]
[EventRounds "9"]
[EventCountry "ESP"]
[EventCategory "13"]
[SourceTitle "CBM 050"]
[Source "ChessBase"]
[SourceDate "1996.02.01"]
[SourceVersion "1"]
[SourceVersionDate "1996.02.01"]
[SourceQuality "1"]

1. d4 d5 2. Bg5 c5 3. dxc5 Nf6 4. Bxf6 gxf6 5. e3 Qa5+ 6. Nc3 e6 7. Qd4 Nc6 (
7... Bxc5 8. Qxf6 Rg8 9. O-O-O Nc6 10. Bb5 Bd7 11. Nf3 Qd8 12. Qf4 Qe7 13. g3
Bd6 14. Qa4 Rc8 15. Nd4 Kf8 16. e4 a6 17. Bxc6 bxc6 18. Qxa6 Kg7 19. Qe2 Rb8
20. exd5 cxd5 21. Rhe1 Qd8 {Santos,G-Estremera Panos,S/La Coruna op/1993/0-1 
(35)}) (7... Qxc5 8. Qxf6 Rg8 9. Qd4 Qe7 10. Qd3 Bg7 11. Nge2 Nc6 12. Qxh7 Kf8
13. Qd3 Ne5 14. Qb5 a6 15. Qb3 b5 16. a4 b4 17. Na2 a5 18. Nd4 Nc4 19. c3 bxc3
20. Nxc3 Ba6 21. Ncb5 Rc8 22. Rc1 Bxb5 23. axb5 Bxd4 24. exd4 Qg5 25. Rc2 {
Machulsky,A-Diez Gonzalez,P/Malaga op (02)/1991/1-0 (37)}) 8. Bb5 Bd7 9. Qxf6
Rg8 10. Nge2 Bxc5 11. O-O Be7 12. Qf4 Qb6 13. Rad1 f5 14. Nd4 Rg4 {With strong
center and bishops pair black has compensation for his unsolved Ks position.}
15. Qh6 Nxd4 (15... Rh4 16. Qg7 Nxd4 17. Bxd7+ Kxd7 18. Rxd4 Rxd4 19. exd4 $16)
16. Qh5+ Kf8 (16... Kd8 17. Bxd7 Kxd7 18. Rxd4 Rxd4 19. exd4 Qxb2 20. Nxd5 $5
exd5 21. Qxf5+ Kc6 22. c4 $13) 17. Qh6+ Kg8 (17... Ke8 18. Bxd7+ Kxd7 19. Rxd4)
18. Bxd7 Rh4 {Black must have had the impression, that he succeeded in
outsmarting white with Q capture.} (18... Rg6 $6 19. Qh3 Nxc2 20. Nxd5 $1 exd5
21. Bxf5 $16) 19. Nxd5 $1 (19. Qxh4 Nf3+ $1 20. gxf3 Bxh4 $16) 19... Qd6 (19...
exd5 $2 20. Qxb6 Ne2+ 21. Kh1 axb6 22. Rfe1 $18) (19... Rxh6 20. Nxb6 Ne2+ 21.
Kh1 axb6 22. a4 $1 $16) 20. Nxe7+ Qxe7 21. Qxh4 Qxh4 $2 (21... Ne2+ $5 22. Kh1
Qxh4 23. Rd2 (23. Bxe6+ Kg7 24. Bxf5 $5 (24. Rd2 Re8 25. Bxf5 Rxe3 $1 26. fxe3
Ng3+ 27. Kg1 Nxf5) (24. Rde1 Qe4 $1 $17) 24... Rf8 25. Rd7+ Kf6 26. Rxh7 Qg5
27. g4 $5) 23... Qc4 24. Re1 Qxa2 25. Rdxe2 Kf7 26. b3 $13) 22. Rxd4 Qe7 23.
Rfd1 {Without weaknesses white has ample compensation for the missing queen.
Pawns e6,f5 are an ideal target for the attack.} Kh8 24. Ba4 Rg8 (24... e5 25.
Rd7 Qb4 26. Bb3 $16) 25. g3 h5 26. Bb3 h4 27. Kf1 $1 hxg3 28. hxg3 Qf6 (28...
Rg7 29. Rd6 e5 30. Re6 $18) 29. Rh4+ Kg7 30. Rd7+ Kg6 (30... Kf8 31. Rc4 Ke8
32. Ba4 $18) 31. Rdh7 Qxb2 (31... Qf8 32. Bxe6 Rg7 33. R7h6+ Kg5 34. f4#) 32.
R4h6+ Kg5 33. f4+ Kg4 34. Kg2 $1 1-0